[Event "Aeroflot Open B 2017"]
[Site "masterchessopen.com Moscow RUS"]
[Date "2017.03.01"]
[Round "9.37"]
[White "Faizrakhmanov,Ramil"]
[Black "Gurvich,Vitaly"]
[Result "1-0"]
[WhiteElo "2432"]
[BlackElo "2342"]

1.d4 Nf6 2.c4 g6 3.Nc3 d5 4.Nf3 Bg7 5.Qb3 dxc4 6.Qxc4 O-O 7.e4 Na6 8.Be2 c5
9.d5 e6 10.O-O exd5 11.exd5 Bf5 12.Bf4 Qb6 13.Be5 Rfe8 14.h3 Rad8 15.Rad1 Qb4
16.a3 Qxb2 17.Rd2 Qb6 18.g4 Bc8 19.Rb1 Qa5 20.Rb5 Qxa3 21.Nb1 Qxf3 22.Bxf3
Rxe5 23.Nc3 Ne8 24.Rb1 Nd6 25.Qa2 Re7 26.Re2 Red7 27.Qa3 Bf6 28.Qc1 Kg7 29.g5
Bd4 30.Bg4 Rc7 31.Bxc8 Rdxc8 32.Ne4 Nxe4 33.Rxe4 Rd8 34.Qc4 Rcd7 35.d6 Kf8
36.Re7 Rxe7 37.dxe7+ {#r} 1-0

[Event "Aeroflot Open B 2017"]
[Site "masterchessopen.com Moscow RUS"]
[Date "2017.03.01"]
[Round "9.44"]
[White "Yeletsky,Ivan"]
[Black "Peng,Shunkai"]
[Result "1-0"]
[WhiteElo "2369"]
[BlackElo "2137"]

1.Nf3 Nf6 2.g3 d5 3.Bg2 c6 4.O-O Bf5 5.c4 dxc4 6.Na3 e6 7.Nxc4 Nbd7 8.d3 Be7
9.b4 O-O 10.Rb1 Bg6 11.b5 c5 12.Nh4 Nd5 13.Nxg6 hxg6 14.Bd2 Qc7 15.Qb3 N7b6
16.Rfc1 Rfd8 17.Bf3 Rd7 18.Kg2 Rad8 19.Ba5 Nf6 20.Bc3 Nxc4 21.Qxc4 Nd5 22.Bd2
Qe5 23.h4 Bf8 24.Qb3 Qd6 25.Rh1 Ne7 26.h5 gxh5 27.Rxh5 g6 28.Rh3 Bg7 29.Rbh1
Nf5 30.Bc3 Nd4 31.e3 e5 32.exd4 cxd4 33.Bd2 Qf6 34.Bh6 Bxh6 35.Rxh6 Kf8
36.Qa3+ Qd6 37.Rh8+ Kg7 38.R1h7+ Kf6 39.Qxa7 Rxh8 40.Rxh8 b6 41.Qa8 Kg7 42.Re8
Rc7 43.Qe4 Rc5 44.Qh4 f5 45.Re7+ Kf8 46.Rb7 Rc7 47.Qh8+ Ke7 48.Qg7+ Kd8
49.Rb8+ Rc8 50.Qg8+ {#r} 1-0

[Event "Aeroflot Open B 2017"]
[Site "masterchessopen.com Moscow RUS"]
[Date "2017.03.01"]
[Round "9.45"]
[White "Savitskiy,S"]
[Black "Koepke,C"]
[Result "0-1"]
[WhiteElo "2415"]
[BlackElo "2317"]

1.e4 c5 2.Nf3 d6 3.d4 cxd4 4.Qxd4 Nf6 5.Bg5 a6 6.Bxf6 gxf6 7.Nc3 Nc6 8.Qd3 e6
9.O-O-O b5 10.Kb1 Qb6 11.Be2 Qxf2 12.e5 d5 13.exf6 Bb7 14.Nxd5 O-O-O 15.Qe3
Qxe3 16.Nxe3 Bc5 17.Ng4 Nd4 18.Nxd4 Bxd4 19.c3 h5 20.Rxd4 Rxd4 21.cxd4 hxg4
22.Bxg4 Bxg2 23.Rg1 Be4+ 24.Ka1 Kd7 25.h3 Rh6 26.Rf1 Bg2 27.Rd1 Kd6 28.a4 Rxf6
29.axb5 axb5 30.Ka2 Rf2 31.Kb3 f5 32.Bh5 Bxh3 33.Kc3 Bg4 34.Bxg4 fxg4 35.Rg1
Rf3+ 36.Kb4 g3 37.Kxb5 Kd5 38.b4 Kxd4 39.Kc6 Ke3 40.Kd6 Kf2 41.Rb1 {#R} 0-1

[Event "Aeroflot Open B 2017"]
[Site "masterchessopen.com Moscow RUS"]
[Date "2017.03.01"]
[Round "9.46"]
[White "Murzin,Volodar"]
[Black "Kakageldyev,A"]
[Result "0-1"]
[WhiteElo "2079"]
[BlackElo "2374"]

1.e4 g6 2.d4 Bg7 3.Nc3 d6 4.Be3 Nf6 5.Qd2 O-O 6.h3 c6 7.Nf3 b5 8.Bd3 Qc7 9.O-O
Nbd7 10.Rad1 a6 11.a4 Bb7 12.Rfe1 b4 13.Ne2 c5 14.dxc5 Nxc5 15.Ng3 a5 16.Bxc5
Qxc5 17.Qe2 Nd7 18.b3 Bc3 19.Rf1 Rad8 20.Kh1 Bg7 21.Ne1 h5 22.Kh2 h4 23.Nh1 d5
24.f4 dxe4 25.Bxe4 Bxe4 26.Qxe4 Nf6 27.Qf3 Rxd1 28.Qxd1 Qc7 29.Nd3 Nd5 30.Qf3
e6 31.Rf2 Rd8 32.g3 Bd4 33.Re2 Be3 34.gxh4 Bxf4+ 35.Kg2 Ne3+ 36.Kf2 Bh6 37.Ng3
Nxc2 38.Qe4 Nd4 39.Ra2 Nf5 40.Ne5 Nxg3 41.Kxg3 Rd5 42.Re2 Bg7 {#R} 0-1

[Event "Aeroflot Open B 2017"]
[Site "masterchessopen.com Moscow RUS"]
[Date "2017.03.01"]
[Round "9.49"]
[White "Narva,M"]
[Black "Zhu,Yi"]
[Result "0-1"]
[WhiteElo "2241"]
[BlackElo "2317"]

1.e4 c5 2.Nf3 d6 3.d4 cxd4 4.Nxd4 Nf6 5.Nc3 a6 6.Be2 e5 7.Nb3 Be7 8.O-O O-O
9.Be3 Be6 10.Qd2 Nbd7 11.a4 Qc7 12.a5 Rac8 13.Rfd1 Rfe8 14.h3 Qc6 15.Bf3 h6
16.Nc1 Nc5 17.Qe1 Ncxe4 18.Nd3 d5 19.Nxe5 Qc7 20.Nd3 Nxc3 21.Qxc3 Qxc3 22.bxc3
Rxc3 23.Rdb1 Rxc2 24.Rxb7 Ne4 25.Nf4 Bf6 26.Rd1 Nc3 27.Rd3 Bf5 28.Rxc3 Bxc3
29.Bxd5 Rf8 30.g4 g5 31.gxf5 gxf4 32.Bc5 Rd8 33.Bxf7+ Kh8 34.Bb6 f3 35.Re7 Bb4
36.Re6 Rd1+ 37.Kh2 Bd6+ 38.Rxd6 Rxd6 39.Be3 Kg7 40.Be6 Rd3 41.Ba7 Rc6 42.Kg3
Kf6 43.Bg8 Rc7 {#R} 0-1

[Event "WCh Women 2017"]
[Site "masterchessopen.com Tehran IRI"]
[Date "2017.03.01"]
[Round "6.3"]
[White "Muzychuk,A"]
[Black "Tan Zhongyi"]
[Result "1-0"]
[WhiteElo "2558"]
[BlackElo "2502"]

1.e4 e6 2.d4 d5 3.Nc3 Nf6 4.e5 Nfd7 5.f4 c5 6.Nf3 Nc6 7.Be3 Be7 8.Qd2 O-O
9.dxc5 Bxc5 10.O-O-O Qa5 11.a3 Be7 12.Bd3 a6 13.h4 b5 14.Bxh7+ Kxh7 15.Qd3+
Kg8 16.Ng5 f5 17.Nxd5 b4 18.Nxe7+ Nxe7 19.Bd2 Rb8 20.Qd6 Qc5 21.Bxb4 Qxd6
22.Bxd6 Ng6 23.Nxe6 Re8 24.Bxb8 Rxe6 25.g3 Bb7 26.Rh2 Nc5 27.Rd8+ Kh7 28.Bd6
Ne4 29.h5 Nh8 30.h6 Nf7 31.Rd7 Rxd6 32.Rxf7 {#r} 1-0

[Event "2nd CHN-IND Summit 2017"]
[Site "masterchessopen.com Liaocheng CHN"]
[Date "2017.03.05"]
[Round "1.4"]
[White "Zhou Jianchao"]
[Black "Karthikeyan,M2"]
[Result "0-1"]
[WhiteElo "2619"]
[BlackElo "2578"]

1.d4 Nf6 2.c4 g6 3.Nc3 Bg7 4.e4 d6 5.Nf3 O-O 6.Be2 e5 7.O-O Nc6 8.d5 Ne7 9.Bg5
h6 10.Bd2 c5 11.Ne1 Nh7 12.Qc1 g5 13.Bd3 f5 14.exf5 Bxf5 15.f3 Qd7 16.Qb1 Nf6
17.g4 e4 18.Bc2 Bxg4 19.Nxe4 Nxe4 20.Bxe4 Bf5 21.Ng2 Rae8 22.f4 Bxe4 23.Qxe4
Nf5 24.Qd3 Bxb2 25.Rae1 g4 26.Kh1 Bd4 27.Re2 Qf7 28.Rfe1 Rxe2 29.Rxe2 b5
30.Re6 bxc4 31.Qxc4 Qh5 32.Qd3 g3 {#R} 0-1

[Event "9th Batavia GM 2017"]
[Site "masterchessopen.com Amsterdam NED"]
[Date "2017.03.02"]
[Round "6.1"]
[White "Lai,Hing Ting"]
[Black "Baron,Ta"]
[Result "0-1"]
[WhiteElo "2392"]
[BlackElo "2544"]

1.Nf3 Nf6 2.g3 c5 3.Bg2 Nc6 4.O-O e5 5.c4 d5 6.cxd5 Nxd5 7.Nc3 Be6 8.d3 Be7
9.Bd2 Nc7 10.Rc1 O-O 11.Ne1 Qd7 12.Qa4 Rab8 13.Bxc6 bxc6 14.Nf3 f6 15.Qc2 Bh3
16.Rfd1 Ne6 17.Be3 Nd4 18.Bxd4 cxd4 19.Na4 c5 20.b3 Rbc8 21.Qd2 Qb7 22.Rc2 f5
23.Ne1 c4 24.Rxc4 Rxc4 25.bxc4 Rb8 26.Qc2 Qa6 27.c5 Rb4 28.Nb2 Qb5 29.Nc4 Qxc5
30.Rb1 Qb5 31.Rxb4 Qxb4 32.Nf3 e4 33.Nfd2 exd3 34.exd3 h6 35.a3 Qc3 36.Qxc3
dxc3 37.Nb3 f4 38.gxf4 Bf5 39.a4 Bxd3 40.Ne5 Bc2 {#R} 0-1

[Event "9th Batavia GM 2017"]
[Site "masterchessopen.com Amsterdam NED"]
[Date "2017.03.02"]
[Round "6.2"]
[White "Van Foreest,Lucas"]
[Black "Timmermans,M"]
[Result "1-0"]
[WhiteElo "2453"]
[BlackElo "2415"]

1.e4 e6 2.d4 d5 3.Nd2 Nf6 4.e5 Nfd7 5.Bd3 c5 6.c3 Nc6 7.Ne2 cxd4 8.cxd4 f6
9.exf6 Nxf6 10.O-O Bd6 11.Nf3 Qc7 12.Nc3 a6 13.Bd2 O-O 14.h3 Bd7 15.Re1 Rae8
16.Rc1 Qb8 17.Qb3 Kh8 18.Na4 e5 19.dxe5 Nxe5 20.Nxe5 Bxe5 21.Nc5 Bc8 22.Qb4 d4
23.Nb3 Nh5 24.Rxe5 Qxe5 25.Rc5 Qf6 26.Rxh5 Qxf2+ 27.Kh2 Bf5 28.Rxf5 Rxf5
29.Bxf5 Qxf5 30.Qxd4 Qf7 31.Bc3 Qc7+ 32.Kg1 Rd8 33.Qg4 b5 34.Nd4 b4 35.Ne6
bxc3 36.Nxc7 c2 37.Qf4 h6 38.Kh2 {#r} 1-0

[Event "9th Batavia GM 2017"]
[Site "masterchessopen.com Amsterdam NED"]
[Date "2017.03.02"]
[Round "6.5"]
[White "Leenhouts,K"]
[Black "Brink,B"]
[Result "0-1"]
[WhiteElo "2487"]
[BlackElo "2309"]

1.e4 c5 2.Nf3 e6 3.g3 Nc6 4.Bg2 Nf6 5.d3 d5 6.Nbd2 Be7 7.O-O Qc7 8.Re1 b6 9.c3
Ba6 10.exd5 Nxd5 11.Qa4 Bxd3 12.c4 b5 13.cxb5 Ncb4 14.a3 Nb6 15.Qd1 Nc2 16.Ne5
Nxe1 17.Bc6+ Kf8 18.Qxe1 Rd8 19.Ndf3 Bf5 20.Bf4 Bd6 21.Rd1 Kg8 22.g4 Bxg4
23.Bg5 Bxf3 24.Bxd8 Qxd8 25.Bxf3 Qc7 26.Nc6 h5 27.Qd2 Bf8 28.Be4 f5 29.Bg2 Kh7
30.Qg5 Qf7 31.Ne5 Qf6 32.Qxh5+ Kg8 33.Qe2 Rh4 34.Nf3 Re4 35.Qc2 Nd5 36.Ne1 Rg4
37.h3 Rg6 38.Qd2 Qh4 39.Kf1 Nf4 40.Nf3 Qh6 41.Ne1 Qh5 42.Qxf4 Qxd1 43.Qc4 Bd6
44.a4 Bc7 45.Qxc5 Bb6 46.Qc2 Rxg2 47.Kxg2 Qxe1 48.h4 Kh7 49.b3 Qb4 50.Qe2 Qxh4
51.b4 Qe4+ {#R} 0-1

[Event "9th Batavia GM 2017"]
[Site "masterchessopen.com Amsterdam NED"]
[Date "2017.03.03"]
[Round "7.1"]
[White "Baron,Ta"]
[Black "Van Foreest,Lucas"]
[Result "0-1"]
[WhiteElo "2544"]
[BlackElo "2453"]

1.e4 e5 2.Nf3 Nc6 3.Bb5 a6 4.Ba4 Nf6 5.O-O Be7 6.Re1 b5 7.Bb3 d6 8.c3 O-O 9.d4
Bg4 10.Be3 exd4 11.cxd4 Na5 12.Bc2 Nc4 13.Bc1 c5 14.b3 Nb6 15.Nbd2 cxd4 16.h3
Bh5 17.g4 Bg6 18.Nxd4 Rc8 19.Bb2 d5 20.e5 Bxc2 21.Nxc2 Nfd7 22.f4 Nc5 23.Nf3
Ne4 24.Ne3 Bb4 25.Re2 Bc3 26.Qd3 f6 27.Rd1 Bxb2 28.Rxb2 fxe5 29.Nxe5 Rc3
30.Qd4 Rxf4 31.Nxd5 Qxd5 32.Qxd5+ Nxd5 33.Rxd5 Rxh3 34.Rd4 h5 35.Rc2 Kh7
36.gxh5 Rfh4 37.Rc8 Rg3+ 38.Kf1 Rh1+ 39.Ke2 Rh2+ 40.Kf1 Rf2+ {#R} 0-1

[Event "9th Batavia GM 2017"]
[Site "masterchessopen.com Amsterdam NED"]
[Date "2017.03.03"]
[Round "7.4"]
[White "Timmermans,M"]
[Black "Leenhouts,K"]
[Result "0-1"]
[WhiteElo "2415"]
[BlackElo "2487"]

1.e4 c5 2.Nf3 e6 3.d4 cxd4 4.Nxd4 Nc6 5.Nc3 Qc7 6.Be3 a6 7.Qf3 d6 8.Nxc6 Qxc6
9.Bd3 Nf6 10.O-O-O e5 11.h3 Be6 12.g4 b5 13.a3 Be7 14.g5 Nd7 15.Nd5 Bd8 16.h4
a5 17.h5 b4 18.g6 bxa3 19.bxa3 fxg6 20.hxg6 h6 21.Qe2 Rb8 22.Bc4 Nc5 23.Nc3
O-O 24.Rdg1 Rf6 25.Nd5 Rf8 26.Bxh6 Qa4 27.Be3 Qxa3+ 28.Kd2 Nxe4+ 29.Ke1 Rb1+
30.Qd1 Rxd1+ 31.Kxd1 Nc3+ {#R} 0-1

[Event "9th Batavia GM 2017"]
[Site "masterchessopen.com Amsterdam NED"]
[Date "2017.03.04"]
[Round "8.3"]
[White "Lai,Hing Ting"]
[Black "Van Foreest,Lucas"]
[Result "0-1"]
[WhiteElo "2392"]
[BlackElo "2453"]

1.d4 Nf6 2.Nc3 d5 3.Bg5 b6 4.e3 Bb7 5.Nf3 e6 6.Bd3 Be7 7.Ne2 c5 8.c3 Nc6 9.Rc1
h6 10.Bh4 O-O 11.O-O a5 12.a4 Bd6 13.Bg3 Be7 14.h3 Ne4 15.Bh2 f5 16.Ne5 Nxe5
17.Bxe5 Qd7 18.f3 Nd6 19.Bxd6 Bxd6 20.Bb5 Qe7 21.f4 c4 22.Kh1 g5 23.Ng1 Kh7
24.Qd2 Rg8 25.Qf2 g4 26.g3 Ba6 27.Bxa6 Rxa6 28.Kh2 b5 29.axb5 Rb6 30.hxg4 Rxg4
31.Kg2 Rxb5 32.Nf3 Qg7 33.Rh1 Kg8 34.Ra1 Rxb2 35.Qxb2 Rxg3+ 36.Kh2 Qg4 37.Rhg1
Rh3# 0-1

[Event "9th Batavia GM 2017"]
[Site "masterchessopen.com Amsterdam NED"]
[Date "2017.03.04"]
[Round "8.5"]
[White "Leenhouts,K"]
[Black "Baron,Ta"]
[Result "1-0"]
[WhiteElo "2487"]
[BlackElo "2544"]

1.d4 Nf6 2.c4 g6 3.Nc3 Bg7 4.e4 d6 5.f3 O-O 6.Be3 c5 7.Nge2 Nc6 8.d5 Ne5 9.Ng3
e6 10.Be2 exd5 11.cxd5 a6 12.a4 Bd7 13.h3 b5 14.f4 Nc4 15.Bxc4 bxc4 16.O-O Ne8
17.Qd2 f5 18.Rae1 Qb6 19.exf5 gxf5 20.Nh5 Bh6 21.Bf2 Qd8 22.Re6 Bxe6 23.dxe6
Nc7 24.Re1 Qe7 25.Re3 Bg7 26.Nxg7 Kxg7 27.Rg3+ Kh8 28.Nd5 Nxd5 29.Qxd5 Rae8
30.Be1 Qxe6 31.Bc3+ Rf6 32.Kh2 {#r} 1-0

[Event "9th Batavia GM 2017"]
[Site "masterchessopen.com Amsterdam NED"]
[Date "2017.03.05"]
[Round "9.2"]
[White "Baron,Ta"]
[Black "Cheng,Bo"]
[Result "0-1"]
[WhiteElo "2544"]
[BlackElo "2453"]

1.d4 g6 2.e4 Bg7 3.Nc3 d6 4.f4 a6 5.Nf3 Nd7 6.Bc4 e6 7.f5 Nb6 8.Bb3 exf5 9.O-O
Ne7 10.Qe1 h6 11.exf5 Bxf5 12.Nh4 O-O 13.a4 a5 14.Ne2 Qd7 15.Bd2 Be6 16.Bxa5
Bxb3 17.cxb3 Nbd5 18.Qd2 f5 19.Bc3 g5 20.Nf3 f4 21.Ne1 Nf5 22.Rf2 Rae8 23.Nc2
Nh4 24.Raf1 Nf6 {#R} 0-1

[Event "9th Batavia GM 2017"]
[Site "masterchessopen.com Amsterdam NED"]
[Date "2017.03.05"]
[Round "9.5"]
[White "Timmermans,M"]
[Black "Lobron,E"]
[Result "1-0"]
[WhiteElo "2415"]
[BlackElo "2528"]

1.b4 e5 2.Bb2 Bxb4 3.Bxe5 Nf6 4.Nc3 Ba5 5.e3 d6 6.Bg3 Bxc3 7.dxc3 Nbd7 8.Bd3
O-O 9.Nf3 Qe8 10.Nd4 Nc5 11.O-O Nfe4 12.c4 f5 13.Re1 Rf7 14.f3 Nxg3 15.hxg3
Qe5 16.Kf2 Bd7 17.Qd2 Re8 18.Rh1 Rfe7 19.Rae1 g6 20.Nb5 Bxb5 21.cxb5 Qd5 22.a4
Ne4+ 23.fxe4 fxe4 24.Rh4 g5 25.Rh3 exd3 26.Qxd3 Rf7+ 27.Kg1 Re5 28.g4 Qe4
29.Rf1 Rxf1+ 30.Kxf1 Re7 31.Rf3 Qxg4 32.Qd5+ Kg7 33.a5 a6 34.Kg1 axb5 35.Qxb7
Qe4 36.Qxb5 g4 37.Qg5+ {#r} 1-0

[Event "66th ch-GRE 2017"]
[Site "masterchessopen.com Thessaloniki GRE"]
[Date "2017.03.04"]
[Round "1.3"]
[White "Simeonidis,I"]
[Black "Halkias,S"]
[Result "0-1"]
[WhiteElo "2231"]
[BlackElo "2584"]

1.d4 Nf6 2.c4 e6 3.Nc3 Bb4 4.e3 b6 5.Bd2 Bb7 6.Nf3 O-O 7.Bd3 d6 8.O-O Nbd7
9.a3 Bxc3 10.Bxc3 Qe7 11.Nd2 c5 12.b4 Rfd8 13.Qb3 Rac8 14.Rac1 Ba8 15.Qb1 h6
16.e4 cxd4 17.Bxd4 Ne5 18.Be2 Ng6 19.Rfe1 Nf4 20.Bf1 e5 21.Bc3 Qd7 22.Re3 Bc6
23.a4 Ne6 24.Qa2 a5 25.bxa5 bxa5 26.Bxa5 Re8 27.Bb6 Bxa4 28.Ra3 Ra8 29.Ra1 Bc6
30.Qc2 Rxa3 31.Rxa3 Qb7 32.Be3 Ng4 33.Qd3 Nxe3 34.Qxe3 Nc5 35.f3 Rb8 36.g3 Qb2
37.Qc3 Qxc3 38.Rxc3 Rb2 {#R} 0-1

[Event "66th ch-GRE 2017"]
[Site "masterchessopen.com Thessaloniki GRE"]
[Date "2017.03.04"]
[Round "1.4"]
[White "Pavlidis,Ant"]
[Black "Ladopoulos,D"]
[Result "1-0"]
[WhiteElo "2532"]
[BlackElo "2138"]

1.e4 e6 2.d4 d5 3.Nc3 Nf6 4.e5 Nfd7 5.f4 c5 6.Nf3 Nc6 7.Be3 cxd4 8.Nxd4 Bc5
9.Qd2 O-O 10.O-O-O a6 11.Kb1 Nxd4 12.Bxd4 b5 13.h4 b4 14.Na4 Bxd4 15.Qxd4 a5
16.Bb5 Qc7 17.Rh3 Rb8 18.c4 Nb6 19.Nxb6 Qxb6 20.Qxb6 Rxb6 21.a4 bxa3 22.Rxa3
Bb7 23.Rxa5 dxc4 24.Bxc4 Bxg2 25.Ka2 Be4 26.Ra7 g6 27.Rdd7 Bf5 28.Ka3 h6 29.b4
Kg7 30.b5 g5 31.fxg5 hxg5 32.hxg5 Kg6 33.Kb4 Kxg5 34.Rxf7 Rfb8 35.Ra1 Rc8
36.Ra6 Rxa6 37.bxa6 Bg6 38.Rf6 {#r} 1-0

[Event "66th ch-GRE 2017"]
[Site "masterchessopen.com Thessaloniki GRE"]
[Date "2017.03.04"]
[Round "1.5"]
[White "Nikolaidis,I"]
[Black "Karagiannis,A"]
[Result "1-0"]
[WhiteElo "2557"]
[BlackElo "2194"]

1.d4 d5 2.Nf3 Nf6 3.c4 c6 4.Qc2 e6 5.g3 Bd6 6.Nbd2 Nbd7 7.Bg2 O-O 8.O-O Re8
9.Rd1 Qe7 10.e4 e5 11.exd5 exd4 12.Nxd4 cxd5 13.Nf5 Qf8 14.cxd5 Nb6 15.Nxd6
Qxd6 16.Nc4 Qc5 17.Na3 Qxc2 18.Nxc2 Bg4 19.Rd4 Re2 20.Bd2 Nc4 21.Bc3 b5 22.Ne1
Rae8 23.h3 Bd7 24.Nd3 Ne4 25.Bxe4 R8xe4 26.Rxe4 Rxe4 27.Nc5 Re7 28.d6 Nxd6
29.Rd1 Re8 {#r} 1-0

[Event "66th ch-GRE 2017"]
[Site "masterchessopen.com Thessaloniki GRE"]
[Date "2017.03.05"]
[Round "2.4"]
[White "Kotronias,V"]
[Black "Simeonidis,I"]
[Result "1-0"]
[WhiteElo "2524"]
[BlackElo "2231"]

1.e4 e5 2.Nf3 Nc6 3.Bb5 Nf6 4.d3 Bc5 5.c3 O-O 6.O-O d6 7.Nbd2 h6 8.a4 a6
9.Bxc6 bxc6 10.Nc4 Be6 11.b4 Ba7 12.Na5 Qd7 13.Be3 Bb6 14.Nb3 Bg4 15.c4 Rfb8
16.Bd2 Qe7 17.Re1 Nd7 18.h3 Bh5 19.g4 Bg6 20.Kg2 Re8 21.Qc2 c5 22.b5 Nf8
23.bxa6 Ne6 24.a5 Ba7 25.Nc1 Bh7 26.Ne2 g6 27.Ng3 Rf8 28.Bxh6 f5 29.Bxf8 Rxf8
30.exf5 gxf5 31.gxf5 Bxf5 32.Nxf5 Rxf5 33.Re4 Qf6 34.Nh2 {#r} 1-0

[Event "66th ch-GRE 2017"]
[Site "masterchessopen.com Thessaloniki GRE"]
[Date "2017.03.06"]
[Round "3.3"]
[White "Pavlidis,Ant"]
[Black "Kotronias,V"]
[Result "1-0"]
[WhiteElo "2532"]
[BlackElo "2524"]

1.e4 c5 2.Nf3 Nc6 3.Bb5 d6 4.Bxc6+ bxc6 5.e5 dxe5 6.Nxe5 Qd5 7.Nf3 Qe4+ 8.Kf1
Nf6 9.d3 Qf5 10.Nbd2 g6 11.b3 Bg7 12.Bb2 O-O 13.Qe2 Ba6 14.Qe5 Rfd8 15.Re1 e6
16.h3 Ne8 17.Qxf5 exf5 18.Ne5 Rac8 19.Ba3 Bf8 20.g4 f6 21.Nef3 Rd5 22.Nc4 fxg4
23.hxg4 Rd7 24.Nfd2 Bxc4 25.bxc4 Re7 26.Kg2 Rxe1 27.Rxe1 Rb8 28.Re6 Rc8 29.Nb3
Kf7 30.Re1 Rb8 31.Bxc5 Bxc5 32.Nxc5 Rb2 33.Re6 Rxc2 34.a4 Ng7 35.Rxc6 h5
36.Rc7+ Kg8 37.gxh5 Nxh5 38.Rxa7 g5 39.a5 g4 40.a6 g3 41.Ne4 gxf2 42.Nxf2 Ra2
43.Kf3 f5 44.c5 {#r} 1-0

[Event "Zonal 3.3 2017"]
[Site "masterchessopen.com Tagaytay City PHI"]
[Date "2017.02.28"]
[Round "4.1"]
[White "Liu,Xiangyi"]
[Black "Yeoh,L"]
[Result "0-1"]
[WhiteElo "2443"]
[BlackElo "2449"]

1.e4 e5 2.Nf3 Nc6 3.Bb5 Nf6 4.O-O Nxe4 5.d4 Nd6 6.Bxc6 dxc6 7.dxe5 Nf5 8.Qxd8+
Kxd8 9.Nc3 Ke8 10.h3 h5 11.Rd1 Be7 12.Bg5 Be6 13.Rd2 Rd8 14.Rad1 Rxd2 15.Rxd2
h4 16.Ne2 Bd5 17.Bxe7 Kxe7 18.Nfd4 Nxd4 19.Rxd4 Be6 20.Nf4 Bf5 21.Rb4 b6
22.Rc4 c5 23.b4 Rd8 24.bxc5 b5 25.Rc3 Rd4 26.Nh5 b4 27.Rb3 Bxc2 28.Rb2 Bg6
29.g4 Bxh5 30.gxh5 a5 31.f3 Ke6 32.Rg2 Rd1+ 33.Kh2 Ra1 34.f4 a4 35.Rxg7 Rxa2+
36.Rg2 Rxg2+ 37.Kxg2 Kf5 {#R} 0-1

[Event "Zonal 3.3 2017"]
[Site "masterchessopen.com Tagaytay City PHI"]
[Date "2017.02.28"]
[Round "4.5"]
[White "Antonio,R"]
[Black "Jacutina,John Merill"]
[Result "1-0"]
[WhiteElo "2465"]
[BlackElo "2041"]

1.e4 d6 2.d4 Nf6 3.Nc3 g6 4.Nf3 Bg7 5.h3 c6 6.a4 O-O 7.Bf4 e5 8.dxe5 dxe5
9.Qxd8 Rxd8 10.Nxe5 Re8 11.O-O-O Nbd7 12.Nxd7 Nxd7 13.f3 Bxc3 14.bxc3 Nc5
15.a5 Na4 16.Kd2 Be6 17.Bg5 b5 18.Bd3 f5 19.Rde1 a6 20.g4 fxe4 21.fxe4 Ra7
22.Bf6 Rd7 23.Ke3 Bf7 24.h4 c5 25.Be2 Nb2 26.h5 Rd6 27.g5 Nc4+ 28.Bxc4 Bxc4
29.hxg6 hxg6 30.Rh8+ Kf7 31.Rh7+ Ke6 32.Rc7 Rd7 33.Rc6+ Rd6 34.Rxc5 Kd7 35.Rh1
Rde6 36.e5 R6e7 37.Kf4 {#r} 1-0

[Event "Zonal 3.3 2017"]
[Site "masterchessopen.com Tagaytay City PHI"]
[Date "2017.02.28"]
[Round "4.10"]
[White "Laylo,D"]
[Black "Garma,C"]
[Result "1-0"]
[WhiteElo "2445"]
[BlackElo "2336"]

1.d4 Nf6 2.Nf3 e6 3.c4 Bb4+ 4.Nbd2 O-O 5.a3 Bxd2+ 6.Qxd2 b6 7.g3 Bb7 8.Bg2 d6
9.O-O Nbd7 10.b3 Be4 11.Bb2 Re8 12.Rfd1 Qc8 13.Qc3 Qb7 14.Bf1 a5 15.Nd2 Bc6
16.Rac1 Ra7 17.a4 Qb8 18.f3 Bb7 19.e4 e5 20.Bg2 c5 21.dxe5 dxe5 22.Nf1 Nf8
23.Ne3 Bc6 24.Rd2 Rd7 25.Rcd1 Rd4 26.Nf5 Rxd2 27.Qxd2 Bd7 28.Nd6 Re7 29.f4 Ng6
30.fxe5 Nxe5 31.Bxe5 Rxe5 32.Qf4 Re7 33.e5 Ng4 34.Nxf7 Qf8 35.Bd5 Be6 36.Bxe6
Rxe6 37.Ng5 Qxf4 38.gxf4 Re8 39.Rd6 h6 40.Ne6 g5 41.Nc7 Rc8 42.Nd5 Rb8 43.h3
{#r} 1-0

[Event "Zonal 3.3 2017"]
[Site "masterchessopen.com Tagaytay City PHI"]
[Date "2017.02.28"]
[Round "4.15"]
[White "Abelgas,Roe"]
[Black "Andyka,Pitra"]
[Result "0-1"]
[WhiteElo "2318"]
[BlackElo "2390"]

1.d4 Nf6 2.c4 g6 3.Nf3 Bg7 4.g3 O-O 5.Bg2 d6 6.O-O Nbd7 7.Nc3 e5 8.e4 exd4
9.Nxd4 Re8 10.Re1 a6 11.h3 Rb8 12.a4 a5 13.Be3 Nc5 14.Qc2 Nfd7 15.Rad1 c6
16.Nb3 Nxb3 17.Qxb3 Qe7 18.Rd2 h5 19.Qd1 Ne5 20.Rd4 Be6 21.b3 Nd7 22.Rd3 Ne5
23.Rd4 Nd7 24.Rd3 Nc5 25.Bxc5 dxc5 26.Nd5 Qd8 27.Nf4 Qc7 28.Nxe6 Rxe6 29.h4
Bd4 30.Bh3 Re7 31.Bg2 Rd8 32.Qc2 f5 33.Kh1 Rde8 34.f4 fxe4 35.Rd2 Qd7 36.Kh2
Qf5 37.Rde2 e3 38.Qxf5 gxf5 39.Bh3 Rf8 40.Kg2 Kg7 41.Kf3 Kg6 42.Rd1 b5 43.axb5
cxb5 44.Ra2 e2 45.Re1 Re3+ 46.Kg2 Rfe8 47.Rxa5 Bc3 48.Ra6+ Kg7 {#R} 0-1

[Event "Zonal 3.3 2017"]
[Site "masterchessopen.com Tagaytay City PHI"]
[Date "2017.03.01"]
[Round "5.1"]
[White "Yeoh,L"]
[Black "Antonio,R"]
[Result "1-0"]
[WhiteElo "2449"]
[BlackElo "2465"]

1.e4 c5 2.Nf3 Nc6 3.Bb5 g6 4.Bxc6 dxc6 5.d3 Bg7 6.h3 e5 7.O-O Qe7 8.Nc3 Nh6
9.Be3 f6 10.a3 O-O 11.b4 cxb4 12.axb4 Qxb4 13.Na4 Qe7 14.Qd2 Nf7 15.Nb6 Rb8
16.Nxc8 Rfxc8 17.Rxa7 Ra8 18.Rfa1 Rxa7 19.Rxa7 Rc7 20.Qa5 Bf8 21.Ra8 Qd7 22.d4
b5 23.dxe5 fxe5 24.Qc3 Rc8 25.Rxc8 Qxc8 26.Nxe5 Nxe5 27.Qxe5 Bg7 28.Qd6 Bf8
29.Qe5 Bg7 30.Qd6 Bf8 31.Qd3 Qe6 32.Qb3 Qxb3 33.cxb3 Kf7 34.Kf1 Ke6 35.Ke2 c5
36.Kd3 h5 37.g3 Be7 38.f4 Bf8 39.Bd2 Be7 40.Be3 Bf8 41.Bd2 Be7 42.Bc3 Bf8
43.Ke3 Bh6 44.g4 hxg4 45.hxg4 Bf8 46.f5+ gxf5 47.exf5+ Kd5 48.g5 c4 49.b4 {#r}
1-0

[Event "Zonal 3.3 2017"]
[Site "masterchessopen.com Tagaytay City PHI"]
[Date "2017.03.01"]
[Round "5.3"]
[White "Tin,Jingyao"]
[Black "Nguyen Ngoc Truong Son"]
[Result "0-1"]
[WhiteElo "2436"]
[BlackElo "2629"]

1.d4 Nf6 2.Nf3 d5 3.c4 e6 4.Nc3 dxc4 5.e3 a6 6.a4 c5 7.Bxc4 Nc6 8.O-O Be7
9.Qe2 cxd4 10.Rd1 e5 11.exd4 exd4 12.Nxd4 Nxd4 13.Qe5 Qd6 14.Qxd4 Qxd4 15.Rxd4
Bc5 16.Rd1 Be6 17.Bxe6 fxe6 18.Bg5 Rc8 19.Rac1 O-O 20.Bxf6 gxf6 21.Ne4 Be7
22.g4 f5 23.gxf5 exf5 24.Ng3 f4 25.Ne4 f3 26.Rxc8 Rxc8 27.Nc3 Rd8 28.Rxd8+
Bxd8 29.Ne4 Kf7 30.Nd6+ Ke6 31.Nxb7 Be7 32.b3 Kd5 33.Kf1 Bb4 34.Nd8 h5 35.h3
a5 36.h4 Kd4 37.Ne6+ Kc3 38.Ng5 Kxb3 39.Nxf3 Bc3 40.Ng5 Kxa4 41.Ne4 Bb4 42.Ng3
Kb3 43.Nxh5 a4 44.Nf4 Kc4 45.Ke2 a3 46.Ng2 a2 47.Ne3+ Kb3 {#R} 0-1

[Event "Zonal 3.3 2017"]
[Site "masterchessopen.com Tagaytay City PHI"]
[Date "2017.03.01"]
[Round "5.4"]
[White "Liu,Xiangyi"]
[Black "Sadorra,J"]
[Result "1-0"]
[WhiteElo "2443"]
[BlackElo "2596"]

1.e4 e6 2.Qe2 c5 3.Nf3 Nc6 4.g3 Nf6 5.Bg2 Be7 6.O-O d5 7.d3 b6 8.e5 Nd7 9.c4
d4 10.h4 Bb7 11.Na3 a6 12.Nc2 h6 13.h5 Qc7 14.Re1 O-O-O 15.Rb1 Rhg8 16.a3 g6
17.hxg6 Rxg6 18.Bf4 Bg5 19.Qd2 Ncxe5 20.Rxe5 Bxf4 21.Qxf4 Bxf3 22.Rxc5 bxc5
23.Qxf3 Ne5 24.Qe2 Kd7 25.b4 Rb8 26.Re1 Ng4 27.Qf3 Ke7 28.Re4 h5 29.Qf5 Rf6
30.Qg5 Nxf2 31.Rf4 Ng4 32.Bh3 e5 33.Re4 Rb6 34.Qxh5 Nh6 35.Rxe5+ Kf8 36.Qe2
Rg6 37.Kg2 Rxg3+ 38.Kxg3 f6 39.bxc5 Rb2 40.Qh5 Qg7+ 41.Rg5 fxg5 42.Qf3+ Qf7
43.c6 Ng8 44.c7 Ne7 45.Nxd4 Qxf3+ 46.Kxf3 Ra2 47.Nc6 {#r} 1-0

[Event "Zonal 3.3 2017"]
[Site "masterchessopen.com Tagaytay City PHI"]
[Date "2017.03.01"]
[Round "5.8"]
[White "Andyka,Pitra"]
[Black "Gomez,Joh"]
[Result "1-0"]
[WhiteElo "2390"]
[BlackElo "2481"]

1.e4 c5 2.Nf3 g6 3.d4 cxd4 4.Nxd4 Nc6 5.Nc3 Bg7 6.Be3 Nf6 7.Nxc6 bxc6 8.e5 Ng8
9.Bd4 f6 10.f4 Qc7 11.Qe2 Rb8 12.O-O-O Nh6 13.g3 fxe5 14.Bxe5 Bxe5 15.fxe5 Nf7
16.Re1 O-O 17.h4 d6 18.exd6 exd6 19.h5 g5 20.Qd2 d5 21.Bd3 Bg4 22.Rhf1 Rbe8
23.Bxh7+ Kxh7 24.Qd3+ Kh8 25.Qd4+ Ne5 26.Rxf8+ Rxf8 27.Qxe5+ Qxe5 28.Rxe5 Rg8
29.h6 Kh7 30.Re7+ Kxh6 31.Rxa7 d4 32.Na4 Rf8 33.b4 Rf1+ 34.Kb2 Rf2 35.Rc7 d3
36.Rxc6+ Kh5 37.Nc3 Rxc2+ 38.Kb3 Rg2 39.b5 Rxg3 40.Rd6 Re3 41.b6 Re6 42.b7
Rxd6 43.b8=Q Rd7 44.Ne4 d2 45.Qh2+ Kg6 46.Nxd2 {#r} 1-0